О закономерностях аксиоматического построения физических теорий; Труды II научной сессии вузов Западной Сибири

Podrobná bibliografie
Parent link:Труды II научной сессии вузов Западной Сибири.— 1966.— С. 38-39
Hlavní autor: Фурман А. А.
Jazyk:ruština
Vydáno: 1966
Témata:
Médium: Kapitola
KOHA link:https://koha.lib.tpu.ru/cgi-bin/koha/opac-detail.pl?biblionumber=188545

MARC

LEADER 00000naa2a2200000 4500
001 188545
005 20231031175022.0
035 |a (RuTPU)RU\TPU\book\204787 
035 |a RU\TPU\tpu\41 
090 |a 188545 
100 |a 20101209d1966 u y0rusy50 ca 
101 0 |a rus 
102 |a RU 
200 1 |a О закономерностях аксиоматического построения физических теорий  |f А. А. Фурман 
463 1 |0 (RuTPU)RU\TPU\book\186149  |t Труды II научной сессии вузов Западной Сибири  |o краткое содержание докладов  |f Западно-сибирский совет по координации и планированию научно-исследовательских работ по техническим и естественным наукам ; под ред. Ю. П. Цивинского  |v С. 38-39  |d 1966  |p 209 с.  |s Межвузовский сборник трудов ; Вып. 5 
610 1 |a философия 
610 1 |a общественно-политические учения 
610 1 |a труды учёных ТПУ 
700 1 |a Фурман  |b А. А.  |4 070 
801 0 |a RU  |b 63413507  |c 20011210  |g PSBO 
801 2 |a RU  |b 63413507  |c 20111003  |g PSBO 
942 |c BK